Terraria NPCs - Vendors - Statistics

General Stats
  • This quiz has been taken 83 times
  • The average score is 16 of 23
Answer Stats
Vendor % Correct
Merchant
97%
Arms Dealer
83%
Dryad
82%
Goblin Tinkerer
80%
Cyborg
77%
Mechanic
77%
Painter
77%
Party Girl
77%
Dye Trader
73%
Demolitionist
72%
Wizard
72%
Zoologist
70%
Steampunker
69%
Clothier
66%
Pirate
66%
Skeleton Merchant
66%
Witch Doctor
66%
Truffle
63%
Golfer
62%
Traveling Merchant
62%
Stylist
55%
Tavernkeep
54%
Santa Claus
48%
No matching quizzes found
Score Distribution
Percent of People with Each Score
Percentile by Number Answered
Your Score History
You have not taken this quiz